000 01629cam a22004214a 4500
001 14091074
003 OSt
005 20150408114155.0
008 050829s2006 enka b 001 0 eng
010 _a 2005025297
015 _aGBA596876
_2bnb
016 7 _a013337647
_2Uk
020 _a0470010053 (acidfree paper)
020 _a0470010061 (pbk. : acidfree paper)
020 _a9780470010051
020 _a9780470010068
035 _a(OCoLC)ocm61451623
040 _aDLC
_cDLC
_dBAKER
_dC#P
_dUKM
_dIXA
_dDLC
042 _apcc
050 0 0 _aQD172.R2
_bC68 2006
082 0 0 _a546.41
_222
_bCSL
100 1 _aCotton, Simon,
_cDr.
_940618
245 1 0 _aLanthanide and actinide chemistry /
_cSimon Cotton.
260 _aChichester, England ;
_aHoboken, NJ :
_bWiley,
_cc2006.
300 _axiv, 263 p. :
_bill. ;
_c26 cm.
490 1 _aInorganic chemistry
500 _aErrata slip inserted.
504 _aIncludes bibliographical references (p. [237]-251) and index.
650 0 _aRare earth metals.
_940619
650 0 _aActinide elements.
_940620
830 0 _aInorganic chemistry (John Wiley & Sons)
_940366
856 4 1 _3Table of contents
_uhttp://www.loc.gov/catdir/toc/ecip0518/2005025297.html
856 4 2 _3Contributor biographical information
_uhttp://www.loc.gov/catdir/enhancements/fy0650/2005025297-b.html
856 4 2 _3Publisher description
_uhttp://www.loc.gov/catdir/enhancements/fy0650/2005025297-d.html
906 _a7
_bcbc
_corignew
_d1
_eecip
_f20
_gy-gencatlg
942 _2ddc
_cDVD
999 _c32404
_d266904